000 01318nam0a22002531 4500
001 rc\947226
005 20041129100005.6
035 _a(NLR Aleph) 006119224
090 _a5442675
_c5442675
100 _a20041129d1982 u |0rusy50 ca
101 0 _arus
102 _aRU
105 _aa |||||||||
200 1 _aМетодические рекомендации для слушателей Университета педагогических знаний - мастеров производственного обучения по курсу "Организация и методика производственного обучения"
_fГос. ком. СССР по проф.-техн. образованию, Всесоюз. науч.-метод. центр проф.-техн. обучения молодежи
_g[Разраб. Френкелем А.С., преп., к. п. н.]
210 _aМ.
_cВИНИТИ
_d1982
215 _a184 с.
_cсхем.
_d20
320 _aБиблиогр.: с. 181-182
702 1 _aФренкель
_bА. С.
_4570
712 0 2 _aВсесоюзный науч.-метод. центр проф.-техн. обучения молодежи
_3RU\NLR\AUTH\889930122
801 0 _aRU
_bNLR
_gpsbo
801 1 _aRU
_bELAR
_2rusmarc
852 _aNLR
_j83-3/1905
942 _cBOOK
980 _aNB